000 00871cam a22003137a 4500
003 CHAP
005 20220329135321.0
008 971013s r 00010 d
010 _a34308
011 _a35280
035 _a39396
040 _cCHAP
082 _a633
_bC8 v.1
245 1 3 _aEl lúpulo
260 _a(s.l. :
_bs.e.),
_c(s.a.)
300 _a3 p.
490 0 _aCultivos diversos
_v; v.1
500 _aMimeógrafo
501 _aEnc. con otros impresos similares
590 _aBATCH-UPD
_b10
_c20130110
_lUCH01
_h2213
590 _aBATCH-UPD
_b10
_c20130410
_lUCH01
_h1515
590 _aBATCH-UPD
_b10
_c20130914
_lUCH01
_h1734
590 _aCONVERSION
_b10
_c20130109
_lUCH01
_h1319
650 1 4 _aLúpulo.
_968623
830 0 _aCultivos diversos
_v; v.1
_930375
901 _aBK
942 _cLIBRO
949 _a633 C8 v.1
_bBC
_cBPP
_d-89804
_eLIBRO
_i39396
_si
999 _c34308
_d34308